000
00301nam a22001337a 4500
008
170922b xxu||||| |||| 00| 0 eng d
020
_a
9780807734988
041
_a
eng
080
_2
2ND
_a
37
100
_a
46
101
_a
EDU
245
_a
DIVERSITY IN THE CLASSROOM
_c
KENDALL,F.E
942
_2
udc
_c
BK
999
_c
29058
_d
29058